LEADER 03214nam 2200685 450 001 9910828093403321 005 20230125192659.0 010 $a1-78684-346-3 010 $a1-63157-072-2 035 $a(CKB)3710000000332155 035 $a(EBL)1919443 035 $a(OCoLC)900878656 035 $a(CaBNVSL)swl00404639 035 $a(Au-PeEL)EBL1919443 035 $a(CaPaEBR)ebr11007929 035 $a(CaONFJC)MIL691732 035 $a(CaSebORM)9781631570711 035 $a(MiAaPQ)EBC1919443 035 $a(EXLCZ)993710000000332155 100 $a20150127d2015 fy 0 101 0 $aeng 135 $aur|n|---||||| 181 $2rdacontent 182 $2rdamedia 183 $2rdacarrier 200 12$aA strategic and tactical approach to global business ethics /$fLawrence A. Beer 205 $aSecond edition. 210 1$aNew York, New York (222 East 46th Street, New York, NY 10017) :$cBusiness Expert Press,$d2015. 215 $a1 online resource (340 p.) 225 1 $aInternational business collection,$x1948-2760 300 $aDescription based upon print version of record. 311 $a1-63157-071-4 320 $aIncludes bibliographical references (pages 301-308) and index. 327 $a1. Ethics in commerce -- 2. Ethics and the strategic determination -- 3. Ethical value development -- 4. Ethics unabridged -- 5. Time for a change? -- 6. A universal code template -- 7. Global ethical strategies and conclusions -- Notes -- References -- Index. 330 3 $aThe inclusion of ethically driven elements into the strategic planning process of multinational corporations (MNCs) is an emerging consideration in the modern era of globalization. Firms pursuing cross-border activities in any capacity and to whatever degree or scale are increasingly coming into contact with differences in morally applied decision making that affects their operational success and sustainability. The choices made require the use of clear and unambiguous codes of conduct for embedded managers abroad. The implementation of a properly administered code, coupled with a program of corporate social responsibility (CSR), can add value to a company, while its misapplication or exclusion can diminish value. 410 0$aInternational business collection.$x1948-2760 606 $aBusiness ethics 606 $aInternational business enterprises$xMoral and ethical aspects 606 $aSocial responsibility of business 610 $acode of conduct 610 $acorporate social responsibility (CSR) 610 $aethical dilemma 610 $aethics 610 $aglobal labor 610 $aglobalization 610 $amultinational corporation (MNC) 610 $arepressive governments 610 $astrategy 615 0$aBusiness ethics. 615 0$aInternational business enterprises$xMoral and ethical aspects. 615 0$aSocial responsibility of business. 676 $a174.4 700 $aBeer$b Lawrence A.$0953706 801 0$bMiAaPQ 801 1$bMiAaPQ 801 2$bMiAaPQ 906 $aBOOK 912 $a9910828093403321 996 $aA strategic and tactical approach to global business ethics$94011787 997 $aUNINA LEADER 01662nas 2200541- 450 001 9910367660403321 005 20241022213015.0 035 $a(OCoLC)1142459126 035 $a(CKB)1000000000303627 035 $a(CONSER)--2020256389 035 $a(DE-599)ZDB3091920-4 035 $a(EXLCZ)991000000000303627 100 $a20200209a19939999 --- - 101 0 $aukr 135 $aur|n||||||||| 181 $ctxt$2rdacontent 182 $cc$2rdamedia 183 $acr$2rdacarrier 200 00$aBibliotechny? visnyk 210 1$aKyïv :$cNat?sional?na biblioteka Ukraïny imeni V.I. Vernads?koho 215 $a1 online resource 300 $aRefereed/Peer-reviewed 311 08$a1029-7200 517 1 $aBìblìote?nij vìsnik 517 1 $aLibrary journal 606 $aLibraries$zUkraine$vPeriodicals 606 $aLibrary science$zUkraine$vPeriodicals 606 $aBibliothèques$zUkraine$vPériodiques 606 $aBibliothéconomie$zUkraine$vPériodiques 606 $aLibraries$2fast$3(OCoLC)fst00997341 606 $aLibrary science$2fast$3(OCoLC)fst00997916 607 $aUkraine$2fast 608 $aPeriodical 608 $aperiodicals.$2aat 608 $aPeriodicals$2fast 608 $aPeriodicals.$2lcgft 608 $aPériodiques.$2rvmgf 615 0$aLibraries 615 0$aLibrary science 615 6$aBibliothèques 615 6$aBibliothéconomie 615 7$aLibraries 615 7$aLibrary science 712 02$aNat?sional?na biblioteka Ukraïny im. V.I. Vernads?koho, 906 $aJOURNAL 912 $a9910367660403321 996 $aBibliotechny? visnyk$92577454 997 $aUNINA